| 000 | 00712nam a2200253 4500 | ||
|---|---|---|---|
| 003 | OSt | ||
| 005 | 20260601171011.0 | ||
| 008 | 260508b1995\\\\|||\||||\||||\001\0\spa\d | ||
| 020 | _a9683912478 | ||
| 040 |
_aICI _bspa _cICI |
||
| 050 |
_aPQ8519.B45 _bO48 |
||
| 100 | 1 |
_aBenedetti, Mario _933133 |
|
| 245 | 1 | _aEl olvido está lleno de memoria | |
| 264 |
_bNueva Imagen _c1995 _aMéxico |
||
| 300 | _a152 páginas | ||
| 336 |
_atexto _2rdacontent |
||
| 337 |
_asin medio _2rdamedia |
||
| 338 |
_avolumen _2rdacarrier |
||
| 650 |
_aNovela uruguaya _ySiglo XX _933134 |
||
| 650 |
_aMemoria _vNovela _933135 |
||
| 650 |
_aExilio _vNovela _933136 |
||
| 650 |
_aRelaciones humanas _vNovela _933137 |
||
| 942 |
_2lcc _cB _n1 |
||
| 999 |
_c20505 _d20505 |
||